000 02150nam a22003497i 4500
001 768714001
003 CO-MdFUSB
005 20260224213222.0
007 cr nn||ncaaaaa
008 200124s2019 ck ||||s|||| 00| 0 spa d
040 _aCO-MdFUSB
_bEspañol
_cCO-MdFUSB
_dCO-MdFUSB
041 _aspa
100 _aValenzuela Peña, Luis Miguel,
_eautor
245 _aAporte teológico del חֶסֶד (hesed) de la cita de Oseas 6:6 en Mateo 9:13
_c/ Luis Miguel Valenzuela Peña ; asesorado por Sandro Gutiérrez
_h[electrónico]
264 0 _aMedellín, Colombia :
_bFUSBC,
_c2022
300 _aRecurso electrónico
336 _2rdacontent
_atexto
_btxt
337 _2rdamedia
_ainformático
_bc
338 _2rdacarrier
_aremoto
_bnc
502 _aTrabajo de grado
_b(Teología) --
_cFundación Universitaria Seminario Bíblico de Colombia,
_d2022
504 _aBibliografía (64-66)
505 _aPacto y profetismo -- Oseas y los profetas del siglo VIII. -- Análisis exegético del término חֶסדֶ (hesed) en Oseas 6:6. -- Oseas en Mateo: el pensamiento hebreo en el Evangelio -- El “ἔλεος” (éleos) de Mateo 9:13 a la luz del חֶסדֶ (hesed) de Oseas 6:6.
506 _aAcceso en línea
520 _aAporte teológico del חֶסֶד (hesed) de la cita de Oseas 6:6 en Mateo 9:13”, escrito por el estudiante de teología Luis Miguel Valenzuela, es una investigación documental en la que se realiza un estudio exegético del término חֶסֶד (hesed) en Oseas 6:6 y su uso teológico en la cita de Mateo 9:13. Valenzuela afirma que el חֶסֶד (hesed) de Oseas 6:6 se relaciona fuertemente con amor y lealtad y que, aunado a su contexto judío y profético y al pensamiento hebreo de Mateo, aporta al “ἔλεος” (éleos) de Mateo 9:13 suficiente peso para traducirlo como “amor leal” más que “misericordia
535 _aRecurso en REPCI
590 _aPréstamo en sala
630 7 _aBiblia.
_pOseas
_xCrítica, interpretación, etc.
700 _91181
_aGutiérrez, Sandro
_easesor
856 _uhttps://repositorio.repci.co/handle/123456789/636
_aREPCI
942 _cTG
999 _c67954
_d67954